00946cam a22002531 45000010008000000030004000080050017000120080041000290100017000700350019000870400027001060410011001330420012001440500022001560820012001781300030001902450062002202600043002823000031003254900048003565000227004046500020006317000041006518781122csc20200421093822.0790511s1935 ie f000 0 gle  a 39030906  a(OCoLC)4955049 aDLCcMnSSTdOCoLCdDLC0 airieng apremarc00aPB1397b.S35 1935 a891.6230 aScél mucci Mic Dathó.10aScéla mucce Meic Dathó,cedited by Rudolf Thurneysen. aDublin,bThe Stationery Office,c1935. a3 p. l., ix, 67 p.c19 cm.0 aMediaeval and modern Irish series.vvol. VI a"My aim is not to reconstruct the original, but, as closely as possible, the common source from which the three principal mss. derive ... I think the original tale was composed (roughly) about A.D. 800."--Pref., p. iii-iv. 0aTaleszIreland.1 aThurneysen, Rudolf,d1857-1940,eed.